• 首页
  • 本馆介绍
  • 公告通知
  • 最新文献
  • 馆藏检索
  • 电子资源
  • 读者导购
  • 参考咨询
  • 我的图书馆
  • 登录
  • 详细信息显示
  • 放入我的书架
  • 预约/预借图书
  • 作者相关作品
  • 分类相关作品
  • 丛书相关作品
  • 出版社相关作品

书目信息

  • 表格格式
  • 工作单格式
  • 卡片格式
题名:
行政法与行政诉讼法体系研究
    
 
作者: 戴永志 , 许晓红 著
分册:  
出版信息: 北京   九州出版社  2018
页数: 165页
开本: 26cm
丛书名:
单 册:
中图分类: D922.104 , D925.304
科图分类:
主题词: 行政法--xing zheng fa--法律体系--研究--中国 , 行政诉讼法--xing zheng su song fa--法律体系--研究--中国
电子资源:
ISBN: 978-7-5108-7365-2
000 01043nam0 2200289 450
001 012001008606
005 20131023131921.0
010    @a978-7-5108-7365-2@dCNY40.00
099    @aCAL 012018131160
100    @a20180925d2018 em y0chiy50 ea
101 0  @achi
102    @aCN@b110000
105    @ay a 000yy
106    @ar
200 1  @a行政法与行政诉讼法体系研究@Axing zheng fa yu xing zheng su song fa ti xi yan jiu@f戴永志, 许晓红著
210    @a北京@c九州出版社@d2018
215    @a165页@d26cm
320    @a有书目 (第164-165页)
330    @a本著作系统的介绍了我国现行行政法与行政诉讼法制度与理论, 比较科学地处理了教材的理论性与实践性的关系, 使读者能够准确把握我国现行的行政法与行政诉讼法。
606 0  @a行政法@Axing zheng fa@x法律体系@x研究@y中国
606 0  @a行政诉讼法@Axing zheng su song fa@x法律体系@x研究@y中国
690    @aD922.104@v5
690    @aD925.304@v5
701  0 @a戴永志@Adai yong zhi@4著
701  0 @a许晓红@Axu xiao hong@4著
801  0 @aCN@b上海新华@c20191020
905    @b1181215-8@dD922.104@e2106@f4
    
    行政法与行政诉讼法体系研究/戴永志, 许晓红著.-北京:九州出版社,2018
    165页;26cm
    
    
    ISBN 978-7-5108-7365-2:CNY40.00
    本著作系统的介绍了我国现行行政法与行政诉讼法制度与理论, 比较科学地处理了教材的理论性与实践性的关系, 使读者能够准确把握我国现行的行政法与行政诉讼法。
●
相关链接 在E读中查询图书 在五车中查询图书 在当当中查询图书 在豆瓣中查询图书


正题名:行政法与行政诉讼法体系研究     索取号:D922.104/2106         预约/预借

序号 登录号 条形码 馆藏地/架位号 状态 备注
1 1181215   211812154   第一样本阅览室/ [索取号:D922.104/2106] 在馆    
2 1181216   211812163   第一借阅区/ [索取号:D922.104/2106] 在馆    
3 1181217   211812172   第一借阅区/ [索取号:D922.104/2106] 在馆    
4 1181218   211812181   第一借阅区/ [索取号:D922.104/2106] 在馆    
唐山师范学院图书馆 欢迎您!
大连网信软件有限公司© 版权所有